Which answer is correct? (Not easy) - Statistics

General Stats
  • This quiz has been taken 18 times
  • The average score is 3 of 7
Answer Stats
Question Answer % Correct
One of these country or countries was the actors for Harry Potter only Allowed to be from. United Kingdom
69%
One of these Mobsters protested about not having an expiry date on drinks. Al Capone
46%
One of these cities is named after a person. Vancouver
46%
One of these is the inventor of the Radio-Hat?. Victor Hoeflich
38%
One of these doctors isn't a real doctor and hasn't written literature or a book of any kind. Bernard Rieux
31%
One of these 4 songs is correct. Take me home, Country roads (Title) Country roads, Take me home. (Lyric)
15%
One of the rules isn't a rule. You can swich lanes on a running track. Olympics
15%
No matching quizzes found
Score Distribution
Percent of People with Each Score
Percentile by Number Answered
Your Score History
You have not taken this quiz